| Tag |
First Indicator |
Second Indicator |
Subfields |
| LEADER |
00000cam a2200000Ma 4500 |
| 001 |
in00003813615 |
| 005 |
20170926113536.0 |
| 008 |
920327s1979 enkae b 100 0 eng d |
| 035 |
|
|
|a (OCoLC)ocm65884004
|
| 035 |
|
|
|a (OCoLC)65884004
|
| 040 |
|
|
|a UAB
|b eng
|c UAB
|d OCLCQ
|d OCLCG
|d OCLCA
|d OCLCF
|d OCLCO
|d OCLCQ
|d OCLCO
|d OCL
|d OCLCA
|d TXA
|d UtOrBLW
|
| 049 |
|
|
|a TXAM
|
| 055 |
|
3 |
|a PN3433.2
|b W927 1979
|
| 090 |
|
|
|a PN3433.2
|b .W67 1979
|
| 111 |
2 |
|
|a World Science Fiction Convention
|n (37th :
|d 1979 :
|c Brighton, England)
|
| 245 |
1 |
0 |
|a Seacon '79 :
|b 37th World Science Fiction Convention, Metropole Hotel, Brighton, England, 23rd - 27th August, 1979 /
|c [edited and designed by Graham Charnock].
|
| 246 |
3 |
|
|a Seacon '79 programme book
|
| 264 |
|
1 |
|a [Place of publication not identified] :
|b [Seacon '79 Ltd.],
|c 1979.
|
| 300 |
|
|
|a 134 pages :
|b illustrations, plans, portraits ;
|c 29 cm
|
| 336 |
|
|
|a text
|b txt
|2 rdacontent
|
| 337 |
|
|
|a unmediated
|b n
|2 rdamedia
|
| 338 |
|
|
|a volume
|b nc
|2 rdacarrier
|
| 500 |
|
|
|a "British guest of honour, Brian Aldiss, American guest of honour, Fritz Leiber, fan guest of honour, Harry Bell, toastmaster, Bob Shaw."
|
| 500 |
|
|
|a "Seacon '79 programme book."--Page 2.
|
| 504 |
|
|
|a Includes bibliographical references.
|
| 611 |
2 |
0 |
|a World Science Fiction Convention
|n (37th :
|d 1979 :
|c Brighton, England)
|
| 650 |
|
0 |
|a Science fiction
|v Congresses.
|
| 611 |
2 |
7 |
|a World Science Fiction Convention.
|2 fast
|0 (OCoLC)fst01406163
|
| 650 |
|
7 |
|a Science fiction.
|2 fast
|0 (OCoLC)fst01108566
|
| 655 |
|
7 |
|a Conference papers and proceedings.
|2 fast
|0 (OCoLC)fst01423772
|
| 700 |
1 |
|
|a Charnock, Graham.
|
| 700 |
1 |
|
|a Aldiss, Brian W.
|q (Brian Wilson),
|d 1925-
|0 http://id.loc.gov/authorities/names/n79060640
|
| 700 |
1 |
|
|a Leiber, Fritz,
|d 1910-1992.
|0 http://id.loc.gov/authorities/names/n79054477
|
| 700 |
1 |
|
|a Bell, Harry.
|0 http://id.loc.gov/authorities/names/n78016968
|
| 700 |
1 |
|
|a Shaw, Bob.
|0 http://id.loc.gov/authorities/names/no2011189402
|
| 711 |
2 |
|
|a World Science Fiction Convention.
|0 http://id.loc.gov/authorities/names/n83017678
|
| 948 |
|
|
|a cataloged
|b h
|c 2017/3/15
|d c
|e ljohnson
|f 4:08:13 pm
|
| 994 |
|
|
|a C0
|b TXA
|
| 999 |
f |
f |
|s ab42d127-8b8d-3aa0-b676-ed36cfbcae49
|i bbde4526-b541-3608-adbf-b3c46f0f6cba
|t 0
|
| 952 |
f |
f |
|p noncirc
|a Texas A&M University
|b College Station
|c Cushing Memorial Library & Archives
|d Cushing: Science Fiction (Does not check out)
|t 0
|e PN3433.2 .W67 1979
|h Library of Congress classification
|i unmediated -- volume
|
| 998 |
f |
f |
|a PN3433.2 .W67 1979
|t 0
|l Cushing: Science Fiction (Does not check out)
|